Cities By Image Quiz - Statistics

General Stats
  • This quiz has been taken 1,529 times
  • The average score is 23 of 36
Answer Stats
Picture Answer % Correct
Paris
100%
London
99%
Sydney
99%
New York City
98%
Rome
98%
Moscow
95%
San Francisco
95%
Venice
95%
Athens
92%
Cairo
92%
Berlin
87%
Washington D.C.
86%
Barcelona
82%
Amsterdam
80%
Dubai
80%
Rio De Janeiro
79%
Beijing
78%
Toronto
75%
Jerusalem
74%
Seattle
74%
Tokyo
67%
Cape Town
64%
Miami
63%
Florence
59%
Bangkok
57%
Shanghai
55%
Taipei
41%
Reykjavik
31%
Madrid
28%
Riyadh
24%
Lisbon
19%
Mexico City
19%
Mumbai
18%
Seoul
18%
Kuwait City
14%
Montreal
14%
No matching quizzes found
Score Distribution
Percent of People with Each Score
Percentile by Number Answered
Your Score History
You have not taken this quiz